|
|
|
|
| LEADER |
01017nab#a2200361#ar4500 |
| 001 |
000093421 |
| 003 |
SVKKK |
| 005 |
20090115093910.0 |
| 008 |
090115c2008 xo |||||||||||||||b|cze |
| FMT |
|
|
|
| 015 |
|
|
|a SNBRB2009/01
|
| 038 |
|
|
|a SVKKK
|
| 040 |
|
|
|a SVKKK
|b slo
|e AACR2
|
| 041 |
0 |
|
|a cze
|b eng
|
| 044 |
|
|
|a xo
|c SK
|
| 080 |
|
|
|a 624.21.095
|2 1997
|
| 080 |
|
|
|a 556.53
|2 1997
|
| 080 |
|
|
|a 556.16
|2 1997
|
| 100 |
1 |
|
|a Picek, Tomáš
|4 aut
|
| 245 |
1 |
0 |
|a Výpočet průtoku vody nad přelévanou konstrukcí mostovky - aplikace rovnice přepadu
|c Tomáš Picek, Aleš Havlík
|
| 300 |
|
|
|b Obr., tab.
|
| 504 |
|
|
|a Bibliogr. odkazy
|
| 504 |
|
|
|a Res. angl., čes.
|
| 650 |
0 |
4 |
|a mostovka
|x prietok nad mostovkou
|x rovnice prepadu
|z Kyjov (Slovensko : rieka)
|
| 700 |
1 |
|
|a Havlík, Aleš
|4 aut
|
| 773 |
0 |
|
|t Journal of hydrology and hydromechanics
|x 0042-790X
|g Roč. 56, č. 2 (2008), s. 82-87
|
| 958 |
|
|
|a NB
|
| 974 |
|
|
|a Ma
|
| 992 |
|
|
|a RBX
|
| BAS |
|
|
|
| 852 |
|
|
|a SVKKK
|b BIB
|
| EXP |
|
|
|
| 998 |
|
|
|a GEO
|